000 00393nam a22001577a 4500
005 20251108172353.0
008 250721s1994 xx 000 0 ara d
082 1 4 _a301.42/فاع
100 1 _aالفاعوري، خليل
245 1 0 _aالأسرة و الطفولة /
264 1 _aعمان :
_c1994.
300 _a142ص
650 1 7 _aالأسرة
942 _2ddc
_cBK
999 _c77478
_d77478